000 00586nam a2200145Ia 4500
008 151213s9999 xx 000 0 und d
100 _aমুকৃতাবিস - উন - নূর।
245 _aদিলওয়ার রচনা সমগ্র।
_cমুকৃতাবিস - উন - নূর।
260 _aসিলেট।
_bসেীরব ডিজাইন্ পিন্টিং।
_c2000
300 _a8745 p.
650 _aBangla
650 _aরচনা সমগ্র
700 _aমুকৃতাবিস - উন - নূর।
999 _c4530
_d4530